00319nam a2200121Ia 4500008004100000041000800041082001800049100001800067245003600085260003800121300003100159365000700190240624s9999 xx 000 0 und d aeng a332.63221 SEE aSEETHAPATHI K aEQUITY VALUATION AND ANALYSIS I c2003aHyderabadbICFAI University avii, : 180 : p. : cm. ; 23 cRS